000 00429cam a22001337a 4500
008 180718b1968 xxu||||| |||| 00| 0 eng d
082 _aL243x73 Se49
100 _aSeltzer, Lawrence H.
245 _aPersonal exemptions in the income tax
_cby Lawrence H. Seltzer
260 _aNew York
_bNational Bureau of Economic Research
_c1968
300 _a222p.
440 _aFiscal studies
650 _aIncome tax, Personal exemptions --USA
999 _c500958
_d500958